Factibilidad y estrategias de renovación curricular en la educación técnico profesional utilizando un enfoque basado en capacidades o competencias especificas
I tiakina i:
| Kaituhi matua: | |
|---|---|
| Hōputu: | Pukapuka |
| Reo: | Pāniora |
| I whakaputaina: |
Santiago
CIDE
1991
|
| Ngā marau: | |
| Ngā Tūtohu: |
Tāpirihia he Tūtohu
Kāore He Tūtohu, Me noho koe te mea tuatahi ki te tūtohu i tēnei pūkete!
|
MARC
| LEADER | 00000nam a2200000 a 4500 | ||
|---|---|---|---|
| 001 | UCY0557 | ||
| 003 | CL-VaPUC | ||
| 008 | 940804e19910000CL |||||||||||||||||spa|d | ||
| 082 | 0 | 4 | |a 373.246 |b OTE |2 21 |
| 100 | |a Oteíza, Fidel |e autor |9 445547 | ||
| 245 | 1 | 0 | |a Factibilidad y estrategias de renovación curricular en la educación técnico profesional utilizando un enfoque basado en capacidades o competencias especificas |
| 300 | |a 48 h | ||
| 942 | |c BK | ||
| 945 | |d 19940804 00:00:00 |a rbrito | ||
| 260 | |a Santiago |b CIDE |c 1991 | ||
| 650 | 0 | |a Educación tecnológica |9 307597 | |
| 650 | 0 | |a Currículo |9 307290 | |
| 583 | |a last modification |c 19940804 00:00:00 |k Rodrigo Vera | ||
| 999 | |c 229535 |d 229533 | ||
| 952 | |0 0 |1 0 |4 0 |6 373_246000000000000_OTE_1991 |7 0 |8 P |9 230786 |a BIBEDU |b BIBEDU |c BIBEDU_PB |d 2019-11-15 |i 2998726 |o 373.246 OTE 1991 |p 2998726 |r 2024-01-25 |w 2019-11-15 |y BK |k EDU | ||